Vállalatirányítási rendszerek átalakulása pénzügyi szektorban

Bibliográfiai részletek
Szerző: Kisvári Ádám
További közreműködők: Király Éva
Sókiné dr. Nagy Erzsébet
Dokumentumtípus: Diplomadolgozat
Kulcsszavak:back-office
integrált vállalatirányítási rendszer
IVIR
SAP
VIR rendszerek
Online Access:http://dolgozattar.uni-bge.hu/60189

MARC

LEADER 00000nta a2200000 i 4500
001 dolg60189
005 20260409150119.0
008 260409suuuu hu om 000 hun d
040 |a BGE Dolgozattár Repozitórium  |b hun 
041 |a hu 
100 1 |a Kisvári Ádám 
245 1 0 |a Vállalatirányítási rendszerek átalakulása pénzügyi szektorban  |c Kisvári Ádám  |h [elektronikus dokumentum] 
520 3 |a A vállalatirányítási rendszerek használata az utóbbi években egyre inkább elterjedtebbé vált a vállalatok és intézmények köreiben. A folyamatos terjeszkedést a folyamatok hatékonyságának és optimalizálásának növelése eredményezi. Az ERP nyújtotta integrált megoldásoknak köszönhetően, mint például az SAP (System Applications and Products in Data Processing) rugalmasabb és hatékonyabb munkavégzést érhetünk el, akár pénzügyi, logisztikai vagy adminisztratív folyamatok során. Azonban egy adott terület életében előfordulhat jobb ajánlat, esetleg megbízhatóbb, gördülékenyebb rendszer behozatalának kérdése. Szakdolgozatokban egy konkrét vállalatot veszek példának, ahol ismertetem a rendszer leváltásának főbb okait, kihívásait, illetve, hogy milyen problémákkal járhat adott esetben az átállás. Témaválasztásomhoz hozzájárultak az egyetemi félévek során elméletben tanult ismeretek- és a már megszerzett munkatapasztalataim az SAP rendszerről, amit közel 2 év alatt, back-office - folyószámlakezelési munkatársként, az E2 Hungary Energiakereskedelmi és Szolgáltató Zrt.-nél tudtam elsajátítani. Ezek a tapasztalatok arra motiváltak, hogy az egyetemi szakdolgozatom témájaként válasszam, és hogy a jövőben jobban elmélyüljek a rendszer által nyújtotta lehetőségekben. Mindezek mellet-, mint amire a témám címe is utal, bemutatom, hogyan érinti egy esetleges vállalatirányítási rendszer lecserélésé, vagy átalakítása a munkafolyamatok sorát, több különböző szempontból. 
695 |a back-office 
695 |a integrált vállalatirányítási rendszer 
695 |a IVIR 
695 |a SAP 
695 |a VIR rendszerek 
700 1 |a Király Éva  |e ths 
700 1 |a Sókiné dr. Nagy Erzsébet  |e ths 
856 4 0 |u http://dolgozattar.uni-bge.hu/60189/1/Szakdolgozat%20Kisvari%20Adam%20B8C2WL.pdf  |z Dokumentum-elérés 
856 4 0 |u http://dolgozattar.uni-bge.hu/60189/2/Kisv%C3%A1ri%20%C3%81d%C3%A1m%20-%20bels%C5%91%20b%C3%ADr%C3%A1lat.pdf  |z Dokumentum-elérés 
856 4 0 |u http://dolgozattar.uni-bge.hu/60189/3/Kisv%C3%A1ri%20%C3%81d%C3%A1m%20B%C3%ADr%C3%A1lat.pdf  |z Dokumentum-elérés